<?xml version='1.0' encoding='UTF-8'?><?xml-stylesheet href='static/style.xsl' type='text/xsl'?><OAI-PMH xmlns="http://www.openarchives.org/OAI/2.0/" xmlns:xsi="http://www.w3.org/2001/XMLSchema-instance" xsi:schemaLocation="http://www.openarchives.org/OAI/2.0/ http://www.openarchives.org/OAI/2.0/OAI-PMH.xsd"><responseDate>2026-04-30T19:13:16Z</responseDate><request verb="GetRecord" identifier="oai:ebiltegia.mondragon.edu:20.500.11984/1903" metadataPrefix="marc">https://ebiltegia.mondragon.edu/oai/request</request><GetRecord><record><header><identifier>oai:ebiltegia.mondragon.edu:20.500.11984/1903</identifier><datestamp>2024-03-04T14:18:20Z</datestamp><setSpec>com_20.500.11984_473</setSpec><setSpec>col_20.500.11984_1072</setSpec></header><metadata><record xmlns="http://www.loc.gov/MARC21/slim" xmlns:dcterms="http://purl.org/dc/terms/" xmlns:xsi="http://www.w3.org/2001/XMLSchema-instance" xmlns:doc="http://www.lyncode.com/xoai" xsi:schemaLocation="http://www.loc.gov/MARC21/slim http://www.loc.gov/standards/marcxml/schema/MARC21slim.xsd">
   <leader>00925njm 22002777a 4500</leader>
   <datafield ind2=" " ind1=" " tag="042">
      <subfield code="a">dc</subfield>
   </datafield>
   <datafield ind2=" " ind1=" " tag="720">
      <subfield code="a">Imaz Alias, Oier</subfield>
      <subfield code="e">author</subfield>
   </datafield>
   <datafield ind2=" " ind1=" " tag="720">
      <subfield code="a">Eizagirre, Andoni</subfield>
      <subfield code="e">author</subfield>
   </datafield>
   <datafield ind2=" " ind1=" " tag="260">
      <subfield code="c">2020-09</subfield>
   </datafield>
   <datafield ind2=" " ind1=" " tag="520">
      <subfield code="a">En el marco de las políticas de investigación europeas hay una inclinación creciente por abrir a debate la propia definición de los problemas y los beneficios esperados asociados a su resolución. Ello ha adoptado la forma de lo que se ha denominado “RRI” (Responsible Research and Innovation), que viene a ser un principio-guía para la innovación tendente a encarar los grandes retos sociales sobre la base de un proceso de responsabilidad mutua facilitado por la institucionalización de mecanismos efectivos de gobernanza. En este artículo sostenemos que el desarrollo práctico de mecanismos inclusivos y deliberativos de gobernanza contribuye a facilitar la integración de actores con potencial interés en los procesos de investigación socio-técnica. Para ello, elucidamos un conjunto de procesos deliberativos implementados en Europa en aras a mejorar la corresponsabilidad a través de la implicación pública. Nuestra revisión revela una serie de tensiones que afectan a las concepciones sobre participación y deliberación, al diseño institucional de las iniciativas y a la fase de la investigación en la que se implementan. El artículo sugiere la necesidad de innovar las experiencias democráticas incidiendo en la fase temprana de las actividades científico-tecnológicas e impulsando la contribución epistémica y social de los actores para robustecer la reflexividad y la responsabilidad mutua en el sistema de gobernanza de la investigación.</subfield>
   </datafield>
   <datafield ind1="8" ind2=" " tag="024">
      <subfield code="a">2395-9576</subfield>
   </datafield>
   <datafield ind1="8" ind2=" " tag="024">
      <subfield code="a">https://katalogoa.mondragon.edu/janium-bin/janium_login_opac.pl?find&amp;ficha_no=154430</subfield>
   </datafield>
   <datafield ind1="8" ind2=" " tag="024">
      <subfield code="a">https://hdl.handle.net/20.500.11984/1903</subfield>
   </datafield>
   <datafield tag="653" ind2=" " ind1=" ">
      <subfield code="a">Innovación responsable</subfield>
   </datafield>
   <datafield tag="653" ind2=" " ind1=" ">
      <subfield code="a">Gobernanza</subfield>
   </datafield>
   <datafield tag="653" ind2=" " ind1=" ">
      <subfield code="a">Deliberación</subfield>
   </datafield>
   <datafield tag="653" ind2=" " ind1=" ">
      <subfield code="a">Europa</subfield>
   </datafield>
   <datafield tag="653" ind2=" " ind1=" ">
      <subfield code="a">Corresponsabilidad</subfield>
   </datafield>
   <datafield ind2="0" ind1="0" tag="245">
      <subfield code="a">Innovar la gobernanza de la investigación y la innovación: la experimentación de prácticas deliberativas en Europa</subfield>
   </datafield>
</record></metadata></record></GetRecord></OAI-PMH>